LEADER 02806nam0 22005293i 450 001 RAV0005449 005 20251003044318.0 010 $a8815009140 100 $a19950606d1985 ||||0itac50 ba 101 | $aita 102 $ait 181 1$6z01$ai $bxxxe 182 1$6z01$an 183 1$6z01$anc$2RDAcarrier 200 1 $aˆIl ‰teorema sindacale$eflessibilità e competizione nelle relazioni industriali$fa cura di Mimmo Carrieri e Paolo Perulli 210 $aBologna$cIl mulino$d1985 215 $a289 p.$d22 cm 225 | $aAISRI$fAssociazione italiana di studio delle relazioni industriali 300 $aIn cop.: Associazione italiana di studio delle relazioni industriali 410 0$1001RAV0078433$12001 $aAISRI$fAssociazione italiana di studio delle relazioni industriali$171202$aAssociazione italiana di studio delle relazioni industriali$3CFIV056821 606 $aRelazioni industriali$xItalia$x1982-1984$2FIR$3LO1C013762$9I 606 $aSindacati$xItalia$x1982-1984$2FIR$3LO1C013763$9I 676 $a331.88$9SINDACATI$v20 676 $a331.880945$9SINDACATI. Italia$v19 676 $a331.880945$9SINDACATI. Italia$v20 676 $a331.880945$9SINDACATI. Italia$v23 676 $a331.89$9CONTRATTAZIONE COLLETTIVA E VERTENZE SINDACALI$v21 686 $aHD 6709$c$2C 696 $aAssociazioni sindacali$aOrganizzazioni sindacali$aOrganizzazione sindacale 699 $aSindacati$yAssociazioni sindacali 699 $aSindacati$yOrganizzazioni sindacali 699 $aSindacati$zOrganizzazione sindacale 702 1$aPerulli$b, Paolo$3CFIV011419 702 1$aCarrieri$b, Mimmo$3CFIV014685 712 02$aAssociazione italiana di studio delle relazioni industriali$3CFIV056821 791 02$aAISRI$3CFIV062396$zAssociazione italiana di studio delle relazioni industriali 791 02$aAssociazione italiana di studi sulle relazioni industriali$3CFIV200384$zAssociazione italiana di studio delle relazioni industriali 791 02$aAISRI$3CFIV062396$zAssociazione italiana di studio delle relazioni industriali 791 02$aAssociazione italiana di studi sulle relazioni industriali$3CFIV200384$zAssociazione italiana di studio delle relazioni industriali 801 3$aIT$bIT-000000$c19950606 850 $aIT-BN0095 901 $bNAP 01$cPOZZO LIB.$nVi sono collocati fondi di economia, periodici di ingegneria e scienze, periodici di economia e statistica e altri fondi comprendenti documenti di economia pervenuti in dono. 912 $aRAV0005449 950 0$aBiblioteca Centralizzata di Ateneo$c1 v.$d 01POZZO LIB.F. SANTI 259$e 0101 0060029885E VMA 1 v. (Precedente collocazione S 362)$fB $h20221109$i20221109 977 $a 01 996 $aTeorema sindacale$9654591 997 $aUNISANNIO